Dimash Qudaibergen: Life and Career Quiz (DIFFICULT) - Statistics

General Stats
  • This quiz has been taken 8 times
  • The average score is 8 of 15
Answer Stats
Hint Answer % Correct
In which country was Dimash born? Kazakhstan
100%
What year was Dimash born? 1994
86%
What is Dimash’s native language? Kazakh
86%
Which Chinese competition helped him rise to international fame in 2017? The Singer / Singer
71%
What is the name of the city where Dimash was born? Aktobe
57%
What does Dimash call his fans? Dears
57%
What traditional Kazakh instrument has Dimash played live? Dombra
57%
In which country did Dimash study music at university? Kazakhstan
57%
How many languages can Dimash sing in (approximately)? 12
43%
Which iconic French song did he sing that went viral? SOS d’un terrien en détresse
43%
What is the term for his high male vocal type? Countertenor
29%
What is unique about his performance of “Ave Maria”? no lyrics / without words / no words
29%
At which New York venue did Dimash perform in December 2019? Barclays Center
14%
What is Dimash’s full birth name? Dinmukhammed Kanatuly Kudaibergen
14%
What musical genre blends classical and pop, often used to describe his style? Popera
14%
No matching quizzes found
Score Distribution
Percent of People with Each Score
Percentile by Number Answered
Your Score History
You have not taken this quiz